000 00777nam a22001817a 4500
003 UA-OsUOA
001 16297
007 ta
008 20031227b un ||||| |||| 00| 0 ukr d
100 _aКлемпуш Ж.
942 _cSA
040 _aUA-OsUOA
_cUA-OsUOA
_dUA-OsUOA
245 _aРівненських дітей лікуватимуть , як міністрів
_b[Стаціонар. від-ня N1 Рівнен. міськ. об'єдн. дит. лікарні отримав подарунок - обладн. для каб. світлолікування (лазер. терапія) та комп'ютер]
300 _aС.2
955 _a0
773 0 _w0
_tОго
_dРівне
_d2003
_g№223/22 груд./
650 7 _aКраєзнавча робота
_2UDC
999 _c302462
_d302462